|
|
|
|
| LEADER |
00000cam a22000004a 4500 |
| 001 |
musev2_16604 |
| 003 |
MdBmJHUP |
| 005 |
20230905041811.0 |
| 006 |
m o d |
| 007 |
cr||||||||nn|n |
| 008 |
090122s2008 lau o 00 0 eng d |
| 020 |
|
|
|a 9780807134689
|
| 020 |
|
|
|z 9780807133446
|
| 020 |
|
|
|z 9780807148754
|
| 020 |
|
|
|z 9780807148747
|
| 035 |
|
|
|a (OCoLC)299051394
|
| 040 |
|
|
|a MdBmJHUP
|c MdBmJHUP
|
| 100 |
1 |
|
|a Hagood, Taylor,
|d 1975-
|
| 245 |
1 |
0 |
|a Faulkner's Imperialism :
|b Space, Place, and the Materiality of Myth /
|c Taylor Hagood.
|
| 264 |
|
1 |
|a Baton Rouge :
|b Louisiana State University Press,
|c 2008.
|
| 264 |
|
3 |
|a Baltimore, Md. :
|b Project MUSE,
|c 2013
|
| 264 |
|
4 |
|c ©2008.
|
| 300 |
|
|
|a 1 online resource (264 pages).
|
| 336 |
|
|
|a text
|b txt
|2 rdacontent
|
| 337 |
|
|
|a computer
|b c
|2 rdamedia
|
| 338 |
|
|
|a online resource
|b cr
|2 rdacarrier
|
| 490 |
0 |
|
|a Southern literary studies
|
| 588 |
|
|
|a Description based on print version record.
|
| 600 |
1 |
7 |
|a Faulkner, William,
|d 1897-1962.
|2 fast
|0 (OCoLC)fst00029774
|
| 600 |
1 |
0 |
|a Faulkner, William,
|d 1897-1962
|x Criticism and interpretation.
|
| 650 |
|
7 |
|a Space in literature.
|2 fast
|0 (OCoLC)fst01904752
|
| 650 |
|
7 |
|a Place (Philosophy) in literature.
|2 fast
|0 (OCoLC)fst01064981
|
| 650 |
|
7 |
|a Myth in literature.
|2 fast
|0 (OCoLC)fst01031692
|
| 650 |
|
7 |
|a Imperialism in literature.
|2 fast
|0 (OCoLC)fst00968142
|
| 650 |
|
6 |
|a Mythe dans la litterature.
|
| 650 |
|
6 |
|a Lieu (Philosophie) dans la litterature.
|
| 650 |
|
6 |
|a Espace dans la litterature.
|
| 650 |
|
6 |
|a Imperialisme dans la litterature.
|
| 650 |
|
0 |
|a Myth in literature.
|
| 650 |
|
0 |
|a Place (Philosophy) in literature.
|
| 650 |
|
0 |
|a Space in literature.
|
| 650 |
|
0 |
|a Imperialism in literature.
|
| 655 |
|
7 |
|a Criticism, interpretation, etc.
|2 fast
|0 (OCoLC)fst01411635
|
| 655 |
|
7 |
|a Electronic books.
|2 local
|
| 710 |
2 |
|
|a NetLibrary, Inc.
|
| 710 |
2 |
|
|a Project Muse.
|e distributor
|
| 830 |
|
0 |
|a Book collections on Project MUSE.
|
| 856 |
4 |
0 |
|z Texto completo
|u https://projectmuse.uam.elogim.com/book/16604/
|
| 945 |
|
|
|a Project MUSE - Custom Collection
|
| 945 |
|
|
|a Project MUSE - Archive Complete Supplement
|
| 945 |
|
|
|a Project MUSE - Archive Literature Supplement
|